00947cam a22002411 4500001001300000003000400013005001700017008004100034010002200075025001900097040002600116043001200142050002000154082001600174100002600190245026600216260003700482300002500519350001400544504007600558651005400634999001700688sa 68000953 DLC20260227112428.0710903s1967 ii b 00010 eng  asa 68000953 //r95 aPL480:I-E-9228 aDLCcDLCdDLCdMoSU-L aa-ii---00aJX916 1966b.S300a016.3412/541 aSamuel, C. M.,ecomp.10aIndia treaty manual, 1966,bgiving citations to the text of over 1000 treaties binding India in 1966; arranged chronologically with a numerical part giving their register numbers in the League and UN records.cCompiled from non-official sources by C. M. Samuel. a[Kozhikode,bC.M. Samuel,c1967] aviii, 232 p.c22 cm. aRs35a$12 aBibliographical references included in "guide to abbreviations": p. [v] 0aIndiaxForeign relationsxTreatiesxBibliography. c77576d77576